| 000 | 01859cam a22005054i 4500 | ||
|---|---|---|---|
| 003 | PE-LiUPU | ||
| 005 | 20250731165601.0 | ||
| 008 | 150625s r 000 0 d | ||
| 020 | _a8449405041 | ||
| 035 | _a(Sirsi) i9788449405044 | ||
| 040 |
_aPE-LiUPU _bspa _cPE-LiUPU _erda |
||
| 049 | _aPRUA | ||
| 082 | 0 | 4 |
_a912 _bG53 _221 |
| 245 | 0 | 0 |
_aAtlas geográfico universal / _c[dirección, Carlos Gispert]. |
| 264 | 1 |
_aMadrid : _bOcéano Grupo Editorial, _c1998. |
|
| 300 |
_a428 páginas : _bilustraciones, col. ; _c29 centímetros |
||
| 336 |
_atext _2rdacontent |
||
| 337 |
_aunmediated _2rdamedia |
||
| 338 |
_avolume _2rdacarrier |
||
| 505 | 0 | _aLa tierra. -América. -Europa. -Asia. -África. -Oceanía. -Tierras polares. -Índice cartográfico de países y dependencias. -Mapa llave. | |
| 526 | _aSEG44 | ||
| 526 | _aSEG26 | ||
| 526 | _aP151 | ||
| 526 | _aP150 | ||
| 526 | _aP149 | ||
| 526 | _aP146 | ||
| 526 | _aP145 | ||
| 526 | _aP126 | ||
| 526 | _aP125 | ||
| 526 | _aP92 | ||
| 526 | _aP75 | ||
| 526 | _aP74 | ||
| 526 | _aP27 | ||
| 526 | _aP15 | ||
| 541 | _g002-0002955; | ||
| 650 | 1 | 4 | _aAtlas. |
| 650 | 0 | 4 | _aGeografía. |
| 651 |
_aPerú _xGeografía _vAtlas. |
||
| 700 | 1 |
_aGispert Gener, Carlos, _d1947- , _edirector. |
|
| 942 |
_2ddc _cBOOK |
||
| 949 |
_aRC 912 G53 _wDEWEY _c1 _i57245 _lCCODEBUL1 _mBUL _p73.00 _r0 _sY _tBOOK _u2015-6-25 _xEDUCACION _zUNKNOWN _0COMPRA _o.CIRCNOTE. No olvidar cambiar la fecha de devolución!!!!!!! _o.STAFF. Colección General |
||
| 994 |
_aC0 _bPEPRU |
||
| 596 | _a1 | ||
| 999 |
_aRC 912 G53 _wDEWEY _c46341 _i57245 _f2021-11-8 _g5 _lRCG _mBUL _p73.00 _r1 _sY _tBOOK _u2015-6-25 _xBIBLIOTECA _zUNKNOWN _0COMPRA _o.CIRCNOTE. No olvidar cambiar la fecha de devolución!!!!!!! _o.STAFF. Colección General _d46341 |
||
| 980 |
_81 _gALBERTO SANCHEZ Responsable de Automatización |
||